Pays plus que dense que la France - Mort subite - Statistiques

Statistiques générales
  • Ce quiz a été pris 33 fois
  • Le résultat moyen est 2 sur 8
Answers on the Grid
Answers color-coded by a green-red scale on the quiz's grid according to % correct below.
Chine
Népal
Inde
Pologne
Italie
Danemark
Indonésie
Thaïlande
Portugal
Ethiopie
Turquie
Hongrie
Egypte
Pakistan
Honduras
Côte d'Ivoire
 
Statistiques - réponses
Réponse % Correct
Chine
53%
Inde
50%
Indonésie
40%
Thaïlande
33%
Italie
20%
Danemark
17%
Népal
17%
Pologne
7%
Aucun quiz correspondant
Distribution des résultats
% des personnes avec chaque résultat
Percentile par nombre de réponses
Votre historique - résultats
Vous n’avez pas pris ce quiz